00912nam a22001937a 4500003000400000005001700004008004100021020001800062040001700080082001600097100001700113245006500130260004400195300002300239520035900262650003900621650002500660650003300685OSt20260303144845.0260303b |||||||| |||| 00| 0 eng d a9781718501249 cSoET Library a005.133 SWE aSweigart, Al aBig Book of Small Python Projects: 81 Easy Practice Programs aSan Francisco :bNo Starch Press,c2021 axxvi, 403p. : ill  apractice re-creating the programs and experiment by adding your own custom touches. These simple, text-based programs are 256 lines of code or less. And whether it’s a vintage screensaver, a snail-racing game, a clickbait headline generator, or animated strands of DNA, each project is designed to be self-contained so you can easily share it online.  aPython (Computer program language) aComputer programming aComputer games - Programming